The methodology of educational research (Record no. 7344)
[ view plain ]
| 000 -LEADER | |
|---|---|
| fixed length control field | 00444 a2200145 4500 |
| 040 ## - CATALOGING SOURCE | |
| Original cataloging agency | DLC |
| Language of cataloging | DLC |
| 082 ## - DEWEY DECIMAL CLASSIFICATION NUMBER | |
| Classification number | 370.78 |
| 100 ## - MAIN ENTRY--PERSONAL NAME | |
| Personal name | Koul, Lokesh |
| 245 ## - TITLE STATEMENT | |
| Title | The methodology of educational research |
| Statement of responsibility, etc. | Lokesh KouL |
| 260 ## - PUBLICATION, DISTRIBUTION, ETC. | |
| Place of publication, distribution, etc. | New Delhi : |
| Name of publisher, distributor, etc. | Vikas Publishing House Pvt. Ltd., |
| Date of publication, distribution, etc. | 2007. |
| 300 ## - PHYSICAL DESCRIPTION | |
| Extent | xii, 543 p. : |
| Other physical details | ill. ; |
| Dimensions | 21 cm |
| 500 ## - GENERAL NOTE | |
| General note | Includes Index |
| 650 ## - SUBJECT ADDED ENTRY--TOPICAL TERM | |
| Topical term or geographic name entry element | .Research.2.Reports--Preparation.3.Education. |
| 942 ## - ADDED ENTRY ELEMENTS (KOHA) | |
| Koha item type | Book |
| Call number prefix | 370.78 KOU |
| Source of classification or shelving scheme | |
| Withdrawn status | Lost status | Damaged status | Not for loan | Collection code | Permanent Location | Current Location | Shelving location | Date acquired | Source of acquisition | Cost, normal purchase price | Total Checkouts | Full call number | Barcode | Date last seen | Date last checked out | Price effective from | Koha item type |
|---|---|---|---|---|---|---|---|---|---|---|---|---|---|---|---|---|---|
| Central Library (CL) | Central Library (CL) | General Stacks | 12/13/2006 | Donation | 0.00 | 1 | 370.78 KOU | SEECS007849 | 04/29/2016 | 05/17/2015 | 01/05/2017 | Book | |||||
| Central Library (CL) | Central Library (CL) | General Stacks | 12/13/2006 | Donation | 0.00 | 2 | 370.78 KOU | SEECS007850 | 04/05/2016 | 04/05/2016 | 01/05/2017 | Book |
